Регионална библиотека "Любен Каравелов" - Русе

Мечтаейки пред портите на яростта (Запис номер 70125)

MARC детайли
000 -Лидер
Контролно поле с фиксирана дължина 01256nam a2200313 c 4500
003 - Код на организацията, давaща контролен номер
Контролно поле BLK
005 - Дата и час на последна редакция
Контролно поле 20180422103119.0
008 - Елементи от данни с фиксирана дължина
fixed length control field 180408b bul|||||r ||||||| ||bul||
010 ## - Наследен системен номер
LC control number KNG00074479000
020 ## - Международен стандартен номер на книга ISBN
Международен стандартен номер на книга ISBN 954-443-566-2
-- издат.: Бълг. писател
040 ## - Източник на каталожния запис
Идентификатор на билиотеката - собственик на записа BLK
041 ## - Код за език
Код за езика на текст/звукозапис или на отделно заглавие Български
Код за езика КДБФ Български
080 ## - УДК
Текстов определител УДК Американска литература (на САЩ)
УДК код - определител по УДК 821.111(73)
УДК определител -1
УДК - код + определител 821.111(73)-1
100 1# - Редна дума - Автор
Автор Тейлър, Алекзандър
Авторска отговорност първи автор
R(LIN) 294058
139 ## - Редно поле
Редна дума Тейлър, Алекзандър
Авторски знак Те - Т 45
245 10 - Сведения за заглавието
Заглавие Мечтаейки пред портите на яростта
Подзаглавни данни Нови и избрани стихотворения
Редно поле (дума) Алекзандър Тейлър; прев. Валентин Кръстев.
257 ## - Страна на издаване
Страна на създаване/издаване България
260 ## - Област на издателските данни
-- София
Име на издателя, разпространителя и проч. Бълг. писател
Година на издаване 2006
300 ## - Физическа характеристика
Страници 110 с.
Размери/Мащаб 21 см
380 ## - Жанр
Жанр Худож. лит.
500 ## - Общи забележки
Забележка Ориг. загл. Dreaming at the Gates of Fury / Alexander Taylor. - Офс. изд.
653 ## - Ключова дума – ненормативна
Ключова дума стихотворения
700 1# - Други автори (авторска отговорност)
Лично име Кръстев, Валентин
Автороска отговорност (Описва отношението между автора и произведението) прев.
9 (RLIN) 363643
852 ## - Местоположение
Форматна сигнатура Цб 233520
856 4# - Електронен адрес и достъп
Електронен формат pdf - файл
Път до файла /url/
856 4# - Електронен адрес и достъп
Електронен формат pdf - файл
Път до файла /url/
942 ## - АРТИКУЛИ
Вид на библиотечния материал Книги
Скрит в OPAC Не
944 ## - СЪЗДАВАНЕ И РЕДАКЦИЯ на ЗАПИСА
Създаване/Редакция Създаване
Дата на регистрацията/редакция 25.04.2007
Служител, извършил регистрацията/редакцията Людмила_Стоянова
944 ## - СЪЗДАВАНЕ И РЕДАКЦИЯ на ЗАПИСА
Създаване/Редакция Редакция
Дата на регистрацията/редакция 08.05.2007
Служител, извършил регистрацията/редакцията
999 ## - СИСТЕМНИ КОНТРОЛНИ НОМЕРА
Koha biblionumber 70125
Koha biblioitemnumber 70125
Наличности
Код за отписване Код за изгубен артикул Код за повреда Коз за рестрикции Код за отдаване Артикулен № Име на библиотеката - собственик Име на библиотеката, в която се намира в момента Статус (Текущо местоположение) Дата на вписване в системата Местоположение - отдел Цена в лева Инвентарен номер Систематично азбучна сигнатура Баркод Номер на екземпляра Цена в евро Служебна бележка Служебен тип на артикула
  Не е изгубен Не е повреден без рестрикции ползва се в читалня 114728 Регионална библиотека "Любен Каравелов" Русе Регионална библиотека "Любен Каравелов" Русе Хранилище 2007-04-25 Хранилище 0.00 120000712955 Цб 233520 120000712955 1 0.00 Дост: Dp Вид: Д N: 44 Дата: 04.10.2006 Книги
Vip Innovations Ltd, Rousse, Bulgaria 2025